00401nam a2200169Ia 4500003000400000005001700004008004100021020001500062040000700077041000800084082001700092100002300109245003600132260004000168300001100208365001200219OSt20230405104120.0210423s2007 xx 000 0 und d a8130904519 cAL aeng a809.935 BLOH aBLOOM (Harold),Ed. aViva blooms notes Homers Iliad. aNew DelhibViva Books Pvt Ltdc2007 a92bPB b70cINR